| 000 | 00767na a2200265 4500 | ||
|---|---|---|---|
| 001 | 13013 | ||
| 003 | MIRAKIL | ||
| 005 | 20181213154926.0 | ||
| 008 | 161010b tu 000 0 | ||
| 020 | _a9751901901 | ||
| 035 | _a13013 | ||
| 040 |
_aMilas _btur _cTR-AnCHP |
||
| 041 | _aeng | ||
| 082 |
_a297.5 _bC65 |
||
| 090 | _a297.5 C65 2001 | ||
| 245 |
_aConcise Islamic catechism _cDerleyen Mehmet Soymen ; Çeviren Ekmeleddin İhsanoğlu |
||
| 260 |
_aAnkara _bDiyanet İşleri Başkanlığı _c2001 |
||
| 300 |
_a152 s. _c15 sm. |
||
| 490 |
_aDiyanet İşleri Başkanlığı yayınları _v148 |
||
| 490 |
_aCep Kitapları _v13 |
||
| 650 |
_aİslam _xİlmihal |
||
| 700 | _aSoymen, Mehmet | ||
| 700 |
_aİhsanoğlu, Ekmeleddin _eçev. |
||
| 942 |
_2ddc _cBKS |
||
| 999 |
_c3285 _d3285 |
||